Geography Quiz

Random Geography or Asia Quiz

Cities Sorting Gallery Quiz Stats

 Plays Quiz Updated Jun 26, 2017

Support Sporcle.
Go Orange.
Score 0/55 Timer 07:00
3 Plays Today
% Correct
Brasília
96.9%
Rio de Janeiro
94.7%
São Paulo
92.8%
Amsterdam
92.7%
Vancouver
91.4%
Ottawa
91%
Toronto
91%
Montreal
91%
Winnipeg
88.9%
Oslo
88.8%
Calgary
88.6%
Rotterdam
87.8%
Bangkok
87.5%
Edmonton
87.3%
Halifax
84.8%
The Hague
84.8%
La Paz
84.5%
Tromsø
80%
Eindhoven
79.7%
Belo Horizonte
79.1%
Utrecht
78.6%
Amman
78.2%
Trondheim
74.9%
Chiang Mai
74.4%
Porto Alegre
74.1%
Haarlem
74%
Pak Kret
73.2%
El Alto
69.9%
% Correct
Santa Cruz
69%
Fortaleza
66.6%
Recife
62.6%
Stavanger
60.9%
Bouaké
60.6%
Sucre
60.5%
Salvador
60.1%
Skien
59.6%
Cochabamba
58.5%
Curitiba
57.1%
Manaus
56.9%
Tilburg
55.9%
Suva
55.8%
Abidjan
55.6%
Enschede
52.7%
Yamoussoukro
52.6%
Abobo
51.2%
Breda
48.6%
Limassol
46.4%
Zarqa
43.7%
Potosí
37.7%
Arendal
37%
Irbid
37%
Nonthaburi
32.5%
Daloa
26.7%
Oruro
25.6%
Lautoka
24.8%

You're not logged in!

Compare scores with friends on all Sporcle quizzes.
OR
Log In
Forgot?

From the Vault

Chess on TV Shows

by aglick

Someone should go back and make sure they're actually following the rules.
Remove Ads.
Support Sporcle.
Get the best of Sporcle when you Go Orange. This ad-free experience offers more features, more stats, and more fun while also helping to support Sporcle. Thank you for becoming a member.

Show Comments

Extras

Top Quizzes Today


Score Distribution

Your Account Isn't Verified!

In order to create a playlist on Sporcle, you need to verify the email address you used during registration. Go to your Sporcle Settings to finish the process.

Report this User

Report this user for behavior that violates our Community Guidelines.

Details: